Orientações curriculares para a educação pré-escolar (Registo nº 6034)

Detalhes MARC
000 -Etiqueta do registo
Valores 01502cam a2200301 04500
010 ## - Número ISBN
ISBN 9727420877
021 ## - Número do Depósito Legal
Número 114801/97
100 ## - Dados gerais de processamento
Dados gerais 20211231d1997 k||y0pory5003 ba
200 1# - Titulo e menção de responsabilidade
Título próprio Orientações curriculares para a educação pré-escolar
Primeira menção de responsabilidade M. Isabel Ramos Lopes da Silva, Núcleo de Educação Pré-Escolar
Outras menções de responsabilidade il. Manuela Bacelar, ed. Ministério da Educação
210 #9 - Publicação
Local de publicação Lisboa
Nome do editor M.E.-D.E.B.
Data de publicação 1997
215 ## - Descrição física 
Paginação / Volumes 94 p.
225 2# - Colecção 
Título próprio da colecção Educação pré-escolar
Indicação de volume 1
330 ## - Sumário ou Resumo
Texto da nota Este documento apresenta orientações curriculares para a educação pré-escolar em Portugal. Estabelece princípios gerais como reconhecer a criança como sujeito do processo educativo e promover o desenvolvimento e aprendizagem de forma articulada e integrada através de diferentes áreas de conteúdo. Fornece diretrizes para educadores organizarem o ambiente educativo, a interação com pais e parceiros, e conduzirem o processo de ensino-aprendizagem de forma a apoiar cada criança.
606 ## - Nome comum usado como assunto
Palavra de ordem Educação
ID Autoridade 22
606 ## - Nome comum usado como assunto
Palavra de ordem Ensino
ID Autoridade 787
675 ## - CDU
Notação 37.014(469)(072)
Edição BN
Língua por
675 ## - CDU
Notação 37.016(469)(072)
Edição BN
Língua por
675 ## - CDU
Notação 371.3(469)(072)
Edição BN
Língua por
675 ## - CDU
Notação 373.2(469)(072)
Edição BN
Língua por
700 ## - Autor principal (pessoa individual)
ID Autoridade 5724
Apelido Silva
Nome Maria Isabel Ramos Lopes
Datas 1941-
702 ## - Autor secundário (pessoa individual)
Apelido Bacelar
Nome Manuela
ID Autoridade 170
711 ## - Co-autor principal (colectividade)
ID Autoridade 5725
Nome da entidade Núcleo de Educação Pré-Escolar
712 ## - Autor secundário (colectividade)
ID Autoridade 5726
Nome da entidade Ministério da Educação
801 #0 - Fonte de origem
País PT
Agência BMVN
Regras de catalogação RPC
830 ## - Notas gerais do catalogador
Criado por Inês Silva
Data de criação 31/12/2021
990 ## - Elementos KOHA
Tipo de documento Livro
Exemplares
Situação do levantamento Biblioteca de origem Localização na Estante Código de barras Cota Permissão de empréstimo Tipo de documento Forma de aquisição
  Biblioteca Municipal de Vendas Novas EM DEPOSITO 100000031548 EP ORI   Livro  

Powered by Koha